000 00890nam a22002297a 4500
999 _c19234
_d19234
003 AR-CdUCM
008 190516b ||||| |||| 00| 0 spa d
040 _aMUNICIPALIDAD PROVINCIAL DEL CUSCO
_cBIBLIOTECA MUNICIPAL DEL CUSCO
082 _a780 /
_bL21
100 _aLambert, Constant
_938120
245 _aMusica a la vista :
_bestudio de la música en su declinación /
260 _aBuenos Aires :
_bUniversitaria,
_c1963.
300 _a335 paginas ;
_c19 cm.
440 _aLectores de Eudeba
_938121
505 _aContenido : Los innovadores de preguerra -- Pasticheurs de posguerra -- El nacionalismo y lo exótico -- El estimulo mecánico ...
650 _aSituación revolucionaria
_940454
650 _aPopularidad de la música
_938122
650 _aCompositor
_95237
700 _aBerdichevsky, Dora (Traducción)
_938125
942 _2ddc
_cLIBROS
945 _awnts
_d2019-05-16